Estadísticas para Departamentos/Partidos de Argentina en un Mapa

Haz click aquí para intentar la prueba.

Estadísticas generales

  • Esta prueba ha sido intentada 8.430 veces
  • La puntuación promedio es 131 de 511

Respuestas en el mapa

Las respuestas están codificadas por una escala verde-roja en el mapa de la prueba según el % correcto abajo.
 

Estadísticas de respuestas

ProvinciaDepartamento% Correcto
TucumánCapital
84%
CórdobaCapital
83%
La PampaCapital
80%
Santa FeLa Capital
80%
SaltaCapital
79%
Corrientes | Mendoza | San Juan | +2 othersSan Martín
79%
Catamarca | Mendoza | San JuanCapital
78%
MisionesCapital
77%
San LuisLa Capital
77%
Buenos AiresLa Plata
76%
Corrientes | La RiojaCapital
74%
Santa FeRosario
74%
Buenos AiresBahía Blanca
73%
Santiago del EsteroCapital
72%
Buenos AiresLa Matanza
70%
Buenos Aires | Río negro | Santiago del EsteroAvellaneda
67%
Río negroBariloche
64%
Buenos AiresQuilmes
63%
Buenos AiresTigre
63%
San Luis | Santa Fe | Santiago del EsteroBelgrano
62%
Buenos Aires | ChacoSan Fernando
62%
Tierra del FuegoUshuaia
61%
FormosaFormosa
60%
Buenos AiresLanús
60%
Buenos Aires | CorrientesSan Miguel
60%
Catamarca | MendozaSanta Rosa
60%
CórdobaRío Cuarto
58%
Entre RíosParaná
57%
Buenos Aires | Santiago del EsteroMoreno
55%
Buenos AiresLuján
54%
Buenos AiresMorón
54%
Buenos AiresSan Isidro
54%
Buenos AiresTandil
54%
San Juan9 de julio
52%
Buenos Aires | Chaco | Río negro | Santa Fe9 de Julio
52%
Buenos Aires | Córdoba | Entre RíosColón
52%
Entre RíosGualeguay
52%
Buenos Aires | Mendoza | San LuisJunín
52%
Buenos AiresMonte
52%
Chubut | San JuanRawson
52%
Buenos AiresLomas de Zamora
51%
Chubut | San Juan | Santiago del EsteroSarmiento
51%
MisionesIguazú
50%
Buenos AiresMerlo
50%
Buenos AiresPila
50%
Buenos AiresPinamar
49%
Tierra del FuegoRío Grande
49%
Buenos Aires | Chaco | Misiones | +2 others25 de Mayo
48%
Buenos AiresAzul
48%
Entre RíosGualeguaychú
48%
Buenos AiresVicente López
48%
Buenos AiresTres de Febrero
47%
Buenos AiresZárate
47%
Buenos Aires | Mendoza | Salta | +2 othersRivadavia
46%
MendozaSan Rafael
46%
Buenos AiresEzeiza
45%
Buenos Aires | CorrientesMercedes
45%
Buenos AiresSan Nicolás
45%
Buenos Aires | Jujuy | MisionesSan Pedro
45%
Buenos AiresNecochea
44%
Buenos AiresOlavarría
44%
Entre RíosSan Salvador
44%
Buenos AiresBerazategui
43%
Buenos AiresCampana
43%
Córdoba | Río negroGeneral Roca
43%
Buenos AiresLa Costa
43%
CórdobaRío Segundo
43%
Buenos AiresGeneral Pueyrredón
42%
Jujuy | Río negroSan Antonio
42%
Buenos AiresPilar
40%
Buenos AiresChascomús
39%
Buenos Aires | CorrientesItuzaingó
39%
Buenos AiresPergamino
39%
Buenos Aires | ChacoAlmirante Brown
38%
Buenos AiresFlorencio Varela
38%
Buenos AiresMalvinas Argentinas
38%
Buenos AiresEnsenada
37%
CórdobaRío Primero
37%
Buenos AiresBerisso
36%
JujuyEl Carmen
36%
Buenos Aires | Chaco | MendozaMaipú
36%
Buenos AiresPatagones
36%
Buenos AiresVilla Gesell
36%
Buenos AiresCañuelas
35%
Corrientes | MisionesConcepción
35%
Entre RíosConcordia
35%
Buenos AiresEscobar
35%
MendozaLas Heras
35%
Buenos AiresTres Arroyos
35%
Buenos Aires | Córdoba | La RiojaGeneral San Martín
34%
Buenos AiresHurlingham
34%
Buenos AiresLobos
34%
Buenos AiresPehuajó
34%
Chaco | Santa FeSan Lorenzo
34%
Buenos AiresChivilcoy
33%
Buenos Aires | Chaco | La RiojaGeneral Belgrano
33%
Buenos AiresGeneral Rodríguez
33%
Buenos AiresMonte Hermoso
33%
Buenos AiresTrenque Lauquen
33%
Buenos AiresDolores
32%
Buenos AiresJosé C. Paz
32%
Santiago del EsteroMitre
32%
Mendoza | SaltaSan Carlos
32%
Catamarca | CórdobaSanta María
32%
Buenos AiresBalcarce
31%
Buenos AiresBolívar
31%
JujuyHumahuaca
31%
Buenos AiresSan Vicente
31%
SaltaCafayate
30%
Buenos Aires | Chaco | San LuisChacabuco
30%
Buenos Aires | Corrientes | MendozaGeneral Alvear
30%
MendozaGodoy Cruz
30%
MendozaGuaymallén
30%
CórdobaCalamuchita
29%
Catamarca | Entre Ríos | MendozaLa Paz
29%
Corrientes | MendozaLavalle
29%
Buenos AiresPresidente Perón
29%
Córdoba | Santa FeSan Justo
29%
Entre RíosUruguay
29%
Buenos AiresBrandsen
28%
Buenos AiresMar Chiquita
28%
Buenos AiresSaavedra
28%
Tierra del FuegoTolhuin
28%
Entre RíosVictoria
28%
Santiago del EsteroAlberdi
27%
Buenos AiresBaradero
27%
Entre RíosFederación
27%
Buenos Aires | CorrientesGeneral Paz
27%
MendozaMalargüe
27%
Buenos AiresSalto
27%
TucumánTafí del Valle
27%
Buenos AiresBragado
26%
Buenos AiresCastelli
26%
Buenos AiresEsteban Echeverría
26%
Buenos AiresGeneral Villegas
26%
Buenos AiresLas Flores
26%
MisionesOberá
26%
Buenos AiresSaladillo
26%
JujuyTilcara
26%
Buenos Aires | San LuisAyacucho
25%
La RiojaChilecito
25%
Buenos AiresCoronel Suárez
25%
SaltaLos Andes
25%
Córdoba | Misiones | Santa FeSan Javier
25%
Santa FeCaseros
24%
Buenos Aires | San LuisCoronel Pringles
24%
MisionesEl Dorado
24%
ChacoLibertad
24%
Buenos AiresLincoln
24%
Buenos AiresMarcos Paz
24%
CorrientesPaso de los Libres
24%
Buenos AiresPunta Indio
24%
Buenos AiresSan Antonio de Areco
24%
CorrientesSanto Tomé
24%
CorrientesGoya
23%
MendozaLuján de Cuyo
23%
Buenos AiresMagdalena
23%
SaltaOrán
23%
Buenos AiresRamallo
23%
Santiago del EsteroRío Hondo
23%
NeuquénZapala
23%
Buenos AiresArrecifes
22%
Buenos AiresCarlos Casares
22%
Buenos AiresCarmen de Areco
22%
Santa FeConstitución
22%
CórdobaCruz del Eje
22%
Buenos AiresPuán
22%
CórdobaPunilla
22%
Buenos AiresTornquist
22%
Buenos AiresAlberti
21%
Chaco | SaltaGeneral Güemes
21%
Buenos AiresGeneral Lavalle
21%
Buenos AiresLobería
21%
Buenos AiresPellegrini
21%
FormosaPilcomayo
21%
Buenos AiresRauch
21%
Buenos AiresRojas
21%
MisionesSan Ignacio
21%
MendozaTunuyán
21%
Buenos Aires | Río negroAdolfo Alsina
20%
Chaco | FormosaBermejo
20%
ChubutBiedma
20%
Buenos AiresCapitán Sarmiento
20%
Buenos AiresCoronel Dorrego
20%
Entre RíosDiamante
20%
Entre RíosFederal
20%
Buenos AiresSan Cayetano
20%
CatamarcaBelén
19%
Buenos AiresDaireaux
19%
Buenos AiresExaltación de la Cruz
19%
Buenos AiresGeneral La Madrid
19%
La RiojaGeneral Lamadrid
19%
CórdobaMarcos Juárez
19%
Buenos AiresNavarro
19%
Santa Cruz | TucumánRío Chico
19%
Santa FeSan Cristobal
19%
TucumánTafí Viejo
19%
Entre RíosTala
19%
MendozaTupungato
19%
CórdobaUnión
19%
Santa FeVera
19%
Entre RíosVillaguay
19%
SaltaCachi
18%
Buenos Aires | ChubutFlorentino Ameghino
18%
Buenos AiresGeneral Alvarado
18%
Buenos AiresGeneral Las Heras
18%
CórdobaJuárez Celman
18%
Santa CruzLago Argentino
18%
Buenos AiresLaprida
18%
Buenos Aires | MisionesLeandro N. Alem
18%
Entre RíosNogoya
18%
CórdobaRío Seco
18%
Buenos AiresSan Andrés de Giles
18%
Buenos AiresVillarino
18%
Buenos AiresBenito Juárez
17%
Buenos AiresCarlos Tejedor
17%
NeuquénConfluencia
17%
CorrientesCuruzú Cuatiá
17%
Buenos AiresHipólito Yrigoyen
17%
Córdoba | NeuquénMinas
17%
Buenos AiresSalliqueló
17%
San JuanSanta Lucía
17%
Buenos AiresSuipacha
17%
Buenos AiresTapalqué
17%
Santa CruzDeseado
16%
JujuyDr. Manuel Belgrano
16%
CorrientesEsquina
16%
Buenos AiresGeneral Guido
16%
Buenos AiresGeneral Pinto
16%
Buenos AiresGuaminí
16%
Chaco | La RiojaIndependencia
16%
SaltaIruya
16%
NeuquénLos Lagos
16%
Santa CruzMagallanes
16%
Buenos AiresRoque Pérez
16%
Chaco1ro. de Mayo
15%
Chaco2 de Abril
15%
SaltaAnta
15%
MisionesApostoles
15%
CorrientesBella Vista
15%
Río negroEl Cuy
15%
Santa FeGeneral López
15%
JujuyLedesma
15%
Chaco | Misiones | San LuisLibertador General San Martín
15%
SaltaRosario de la Frontera
15%
CórdobaTercero Arriba
15%
CatamarcaTinogasta
15%
TucumánYerba Buena
15%
Chaco12 de Octubre
14%
Santiago del EsteroBanda
14%
Santa FeCastellanos
14%
ChubutGaiman
14%
Santa CruzGüer Aike
14%
Entre RíosIslas del Ibicuy
14%
CorrientesItatí
14%
San JuanJáchal
14%
Santa CruzLago Buenos Aires
14%
CórdobaPresidente Roque Sáenz Peña
14%
La PampaRealicó
14%
CórdobaSan Alberto
14%
CorrientesSan Roque
14%
JujuySanta Catalina
14%
La PampaToay
14%
Buenos AiresTordillo
14%
Buenos AiresTres Lomas
14%
CatamarcaAntofagasta de la Sierra
13%
Buenos AiresGeneral Arenales
13%
Buenos AiresGeneral Juan Madariaga
13%
San JuanIglesia
13%
NeuquénLacar
13%
CorrientesMonte Caseros
13%
CórdobaPocho
13%
Santa FeSan Jerónimo
13%
ChubutTehuelches
13%
Buenos AiresAdolfo Gonzáles Chaves
12%
NeuquénAluminé
12%
NeuquénChos Malal
12%
CatamarcaEl Alto
12%
Entre RíosFeliciano
12%
Santa FeGaray
12%
Santa FeGeneral Obligado
12%
Buenos AiresGeneral Viamonte
12%
MisionesGuaraní
12%
SaltaMetán
12%
ChubutPaso de los Indios
12%
La PampaQuemú Quemú
12%
NeuquénAnelo
11%
San JuanCalingasta
11%
MisionesCandelaria
11%
San JuanCaucete
11%
Río negroConesa
11%
Buenos AiresCoronel de Marina L. Rosales
11%
CorrientesEmpedrado
11%
ChubutEscalante
11%
ChubutFutaleufú
11%
MisionesGeneral Manuel Belgrano
11%
San LuisGeneral Pedernera
11%
CórdobaIschilín
11%
Santa FeLas Colonias
11%
TucumánLules
11%
MisionesMontecarlo
11%
TucumánMonteros
11%
JujuyPalpalá
11%
San JuanPocito
11%
SaltaRosario de Lerma
11%
JujuySanta Bárbara
11%
SaltaSanta Victoria
11%
ChacoSargento Cabral
11%
CorrientesSauce
11%
CórdobaSobremonte
11%
CórdobaTotoral
11%
CórdobaTulumba
11%
San JuanValle Fértil
11%
JujuyYaví
11%
San JuanZonda
11%
CatamarcaAndalgalá
10%
Santa CruzCorpen Aike
10%
TucumánCruz Alta
10%
La RiojaFamatina
10%
SaltaGeneral José de San Martín
10%
San LuisGobernador Dupuy
10%
Santa FeIriondo
10%
TucumánJuan B. Alberdi
10%
ChacoO'Higgins
10%
NeuquénPehuenches
10%
FormosaPirane
10%
ChacoQuitilipi
10%
CorrientesSan Cosme
10%
TucumánSimoca
10%
JujuySusques
10%
JujuyValle Grande
10%
La PampaCatriló
9%
SaltaCerrillos
9%
ChubutCushamen
9%
ChubutGastre
9%
La PampaGuatraché
9%
SaltaLa Poma
9%
La PampaLihuel Calel
9%
FormosaMatacos
9%
CorrientesMburucuyá
9%
SaltaMolinos
9%
NeuquénÑorquín
9%
Santiago del EsteroOjo de agua
9%
FormosaPatiño
9%
Santiago del EsteroPelegrini
9%
NeuquénPicún Leufú
9%
La PampaRancul
9%
ChubutRío Senguer
9%
ChubutTelsen
9%
San JuanUllum
9%
Santiago del EsteroAguirre
8%
CorrientesBerón de Astrada
8%
La PampaCaleu Caleu
8%
San JuanChimbas
8%
Santiago del EsteroCopo
8%
Santiago del EsteroFigueroa
8%
SaltaLa Caldera
8%
SaltaLa Candelaria
8%
TucumánLa Cocha
8%
SaltaLa Viña
8%
TucumánLeales
8%
ChubutMartires
8%
Río negroPichi Mahuída
8%
FormosaPilagás
8%
ChacoPresidencia de la Plaza
8%
La PampaPuelén
8%
FormosaRamón Lista
8%
JujuyRinconada
8%
CorrientesSaladas
8%
CorrientesSan Luis del Palmar
8%
TucumánTrancas
8%
JujuyTumbaya
8%
Río negroValcheta
8%
CatamarcaValle Viejo
8%
CatamarcaAncasti
7%
La PampaAtreuco
7%
TucumánBurruyacú
7%
MisionesCainguás
7%
La PampaChapaleufú
7%
JujuyCochinoca
7%
TucumánFamallá
7%
ChacoGeneral Donovan
7%
La RiojaGeneral Juan F.Quiroga
7%
TucumánGraneros
7%
FormosaLaishi
7%
La PampaLimay Mahuida
7%
Santiago del EsteroLoreto
7%
Río negroÑorquinco
7%
CatamarcaPoman
7%
Santiago del EsteroRobles
7%
La RiojaRosario Vera Peñaloza
7%
La PampaTrenel
7%
La PampaUtracán
7%
San JuanAlbardón
6%
CatamarcaAmbato
6%
La RiojaArauco
6%
Santiago del EsteroAtamisqui
6%
La RiojaChamical
6%
La PampaChical Có
6%
TucumánChicligasta
6%
Santiago del EsteroChoya
6%
ChacoComandante Fernández
6%
La PampaConhelo
6%
La RiojaCoronel Felipe Varela
6%
La PampaCuracó
6%
CatamarcaFray Mamerto Esquiú
6%
La RiojaGeneral Ocampo
6%
Santiago del EsteroGeneral Taboada
6%
SaltaGuachipas
6%
La PampaHucal
6%
Santiago del EsteroJiménez
6%
NeuquénLoncopué
6%
La PampaLoventué
6%
La PampaMaracó
6%
NeuquénPicunches
6%
Santiago del EsteroQuebrachos
6%
Santiago del EsteroSalavina
6%
La RiojaSanagasta
6%
San JuanAngaco
5%
CatamarcaCapayán
5%
La RiojaCastro Barros
5%
NeuquénCatan Lil
5%
La PampaChalileo
5%
SaltaChicoana
5%
NeuquénCollón Curá
5%
ChacoFray Justo Santa María de Oro
5%
La RiojaGeneral Angel V. Peñaloza
5%
NeuquénHuiliches
5%
Santiago del EsteroJuan F. Ibarra
5%
ChubutLanguiñeo
5%
La RiojaSan Blas de los Sauces
5%
Santiago del EsteroSilípica
5%
La RiojaVinchina
5%
Santiago del EsteroGuasayán
4%
ChacoMayor Luis J. Fontana
4%
CatamarcaPaclin
4%
ChacoTapenagá
4%
Río negroPilnaniyeu
3%

Distribución de puntuación

Porcentaje por número respondido

Porcentaje de gente con cada puntuación

Historial de tus puntuaciones

No has intentado esta prueba.